000 01557nam a22003371i 4500
001 bslw10065346
005 20240305165653.0
006 m o d
007 cr un ---uuuua
008 230705s2022 ck ob 000 0 spa d
020 _a9789587916201
035 _a38608
040 _aUtOrBLW
_beng
_erda
_cUtOrBLW
043 _as-ck---
050 4 _aKHH670
_b.R87 2022
082 0 4 _a346.861052
_223
100 1 _aRusinque Suárez, Germán Felipe,
_eauthor.
245 1 3 _aEl trámite notarial de adjudicación en sucesión por común acuerdo /
_cGermán Felipe Rusinque Suárez (Abogado de la Universidad Externado de Colombia Especialista en Derecho Contractual de la Universidad del Rosario), Antonia Suárez Castelblanco (Abogada de la Universidad Libre de Colombia Especialista en Gestión Pública de la Escuela Superior de Administración Pública), Laura Carvajal Rocha (Abogada de la Universidad Jorge Tadeo Lozano Conciliadora en Derecho de la Cámara de Comercio de Bogotá).
264 1 _aBogotá, Colombia :
_bGrupo Editorial Ibáñez,
_c[2022]
300 _a1 online resource (130 pages)
336 _atext
_btxt
_2rdacontent
337 _acomputer
_bc
_2rdamedia
338 _aonline resource
_bcr
_2rdacarrier
504 _aIncludes bibliographical references.
650 0 _aInheritance and succession
_zColombia.
650 0 _aNotaries
_zColombia.
700 1 _aCastelblanco, Antonia Celestina,
_eauthor.
700 1 _aCarvajal Rocha, Laura,
_eauthor.
856 4 0 _uhttps://app.vlex.com/#/sources/38608
942 _cRAA
999 _c172914
_d172914